|
|
|
|
| LEADER |
00934nam a2200313 4500 |
| 001 |
DLU140162332 |
| 005 |
##20140626 |
| 040 |
# |
# |
|a DLU
|b vie
|
| 041 |
# |
# |
|a vie
|
| 044 |
# |
# |
|a vn
|
| 082 |
# |
# |
|a 327.597
|b VO-S
|
| 100 |
# |
# |
|a Võ Văn Sung.
|
| 245 |
# |
# |
|a Suy ngẫm về trường phái ngoại giao Hồ Chí Minh /
|c Võ Văn Sung.
|
| 260 |
# |
# |
|a H. :
|b Chính trị Quốc gia,
|c 2010.
|
| 300 |
# |
# |
|a 96 tr. ;
|c 19 cm.
|
| 504 |
# |
# |
|a Tài liệu tham khảo: tr.91.
|
| 505 |
# |
# |
|a Chương 1. Ngoại giao Việt Nam thời đại Hồ Chí Minh -- Chương 2. Trường phái ngoại giao Hồ Chí Minh.
|
| 600 |
# |
# |
|a Hồ Chí Minh,
|d 1890-1969
|x Quan điểm chính trị và xã hội.
|
| 923 |
# |
# |
|a 01/2014LS
|
| 991 |
# |
# |
|a SH
|
| 992 |
# |
# |
|a 18000
|
| 994 |
# |
# |
|a KLS
|
| 900 |
# |
# |
|a True
|
| 911 |
# |
# |
|a Đào Thị Thu Huyền
|
| 925 |
# |
# |
|a G
|
| 926 |
# |
# |
|a A
|
| 927 |
# |
# |
|a SH
|
| 980 |
# |
# |
|a Thư viện Trường Đại học Đà Lạt
|